Statistics for Craigieburn Line (Melbourne Train Network)

Click here to take the quiz!

General Stats

  • This quiz has been taken 127 times
    (126 since last reset)
  • The average score is 12 of 16

Answer Stats

#Answer% Correct
1Craigieburn
93%
16North Melbourne
91%
4Broadmeadows
88%
11Essendon
81%
15Kensington
81%
13Ascot Vale
79%
8Pascoe Vale
77%
2Roxburgh Park
77%
5Jacana
75%
12Moonee Ponds
75%
3Coolaroo
72%
14Newmarket
70%
9Strathmore
70%
6Glenroy
67%
10Glenbervie
63%
7Oak Park
58%

Score Distribution

Percentile by Number Answered

Percent of People with Each Score

Your Score History

You have not taken this quiz since the last reset